Rot: para trompeta y dos percusionistas

Zapisane w:
Opis bibliograficzny
1. autor: Orrego Berríos, Juan Pablo (autor)
Format: Książka
Język:hiszpański
Wydane: Santiago Figura Ediciones Musicales 2010
Hasła przedmiotowe:
Etykiety: Dodaj etykietę
Nie ma etykietki, Dołącz pierwszą etykiete!

MARC

LEADER 00000nam a2200000 a 4500
001 UCG1630
003 CL-VaPUC
005 20241202100210.0
008 100513e20100000CL |||||||||||||||||spa|d
999 |c 340944  |d 340942 
040 |c Pontificia Universidad Católica de Valparaíso 
082 0 4 |a Tp788.92 ORR 2010  |2 21 
100 |a Orrego Berríos, Juan Pablo  |e autor  |9 630620 
245 1 0 |a Rot: para trompeta y dos percusionistas 
260 |a Santiago  |b Figura Ediciones Musicales  |c 2010 
300 |a 28 p 
583 |a last modification  |c 20100513 00:00:00  |k Rodrigo Vera 
650 7 |a TROMPETA  |2 CL-VaPUC  |9 549608 
650 0 |a Música para trompeta  |9 549609 
650 0 |a Partituras  |9 324008 
942 |c BK  |2 ddc 
945 |d 20100513 00:00:00  |a rbrito 
952 |0 0  |1 0  |2 ddc  |4 0  |6 TP_788_920000000000000_ORR_2010  |7 0  |8 X  |9 436112  |a BIBEDU  |b BIBEDU  |d 2019-11-22  |i 4674227  |o Tp788.92 ORR 2010  |p 4674227  |r 2023-11-22  |w 2019-11-22  |y BK_X  |k MUS